[Event "Fyli op 2nd"]
[Site "Fyli"]
[Date "2011.05.20"]
[Round "5"]
[White "Tamvakos, Panagiotis"]
[Black "Foutouhos, Spyridon"]
[Result "1-0"]
[WhiteElo "1616"]
[BlackElo "1264"]
[PlyCount "57"]
[EventDate "2011.04.15"]
[EventType "swiss"]
[EventRounds "7"]
[EventCountry "GRE"]
[SourceTitle "EXT 2013"]
[Source "ChessBase"]
[SourceDate "2012.11.22"]
[SourceVersion "1"]
[SourceVersionDate "2012.11.22"]
[SourceQuality "1"]

1. e4 c6 2. d4 e5 3. Nf3 Bd6 4. Bc4 Qe7 5. 0-0 b5 6. Bb3 Bb7 7. Nc3 f6 8. d5 g5 9. Ne1 h5 10. Ne2 h4 11. c3 Na6 12. dxc6 Bxc6 13. Bd5 Nc7 14. Qb3 Bxd5 15. exd5 Qg7 16. Nc2 Ne7 17. c4 bxc4 18. Qxc4 g4 19. Nc3 g3 20. Ne4 gxh2+ 21. Kh1 Rg8 22. Nxd6+ Kf8 23. Ne3 Ncxd5 24. Qe4 Nxe3 25. Qxa8+ Nc8 26. Bxe3 e4 27. Qxc8+ Ke7 28. Nf5+ Kf7 29. Qxd7+ 1-0